000 00845aam a2200289 i 4500
001 308
003 CO-MdBIC
005 20211002091342.0
008 211002t2003 sp a|||| |||| 00| 0 eng d
020 _a958-693-395-4
040 _bspa.
_aCO-MdFUSB
_cCO-MdFUSB
_dCO-MdFUSBC
_erda
041 _aspa
_aeng
082 0 4 _aR 413 C7187g
110 1 _aPeriódicos Asociados
245 1 0 _aGran diccionario de inglés-español / Alejandro Devoto, Director
_c/
260 _aBarcelona, España : Sol 90
264 1 _aBarcelona, España :
_bPeriódicos Asociados Ltda.
_c[2003]
264 4 _c© 2003
300 _a369 Pág.
_c;
336 _2rdacontent
_atexto
_btxt
337 _2rdamedia
_asin mediación
_bn
338 _2rdacarrier
_avolumen
_bnc
653 _aDiccionario
653 _aInglés-Español
942 _cBK
945 _aEstudiante
999 _c31844
_d31844